[Event "Ekaterinburg Scerbin Memorial"]
[Site "Ekaterinburg"]
[Date "2024.01.14"]
[Round "11"]
[White "Ulybin, Mikhail"]
[Black "Ponkratov, Pavel"]
[Result "0-1"]
[WhiteElo "2349"]
[BlackElo "2614"]
[PlyCount "124"]
[EventDate "2024.01.13"]
[EventType "swiss (rapid)"]
[EventRounds "11"]
[EventCountry "RUS"]
[SourceTitle "CB03_2024"]
[SourceDate "2024.01.17"]
[SourceVersion "1"]
[SourceVersionDate "2024.01.17"]
[SourceQuality "1"]

1. e4 c5 2. Nf3 e6 3. c3 Nf6 4. e5 Nd5 5. d4 cxd4 6. cxd4 b6 7. Bc4 Bb7 8. 0-0 Be7 9. Bxd5 Bxd5 10. Nc3 Bc4 11. Re1 0-0 12. d5 Qc8 13. Bg5 Bb4 14. Rc1 Qb7 15. Re4 Bxc3 16. Rxc4 Bxb2 17. R1c2 Ba3 18. Rg4 Qxd5 19. Rd2 Qb5 20. Bf6 g6 21. Ng5 Rc8 22. Rh4 h5 23. Rc2 Na6 24. h3 Qd5 25. Rd4 Rxc2 26. Rxd5 Rc1 27. Rxd7 Rxd1+ 28. Rxd1 Nc5 29. g4 Kf8 30. gxh5 gxh5 31. Rd4 Bc1 32. Nf3 Ke8 33. Rh4 Kd7 34. Rxh5 Rg8+ 35. Kf1 Ne4 36. Rh7 Ke8 37. Bh4 Bf4 38. Ke2 b5 39. Kd3 Nc5+ 40. Kd4 Nd7 41. Ke4 Bc1 42. Nd4 Nc5+ 43. Kf3 a6 44. Bf6 Nd7 45. Ke4 Nc5+ 46. Kf3 Bb2 47. Nc6 Nd7 48. Bg7 a5 49. h4 a4 50. h5 Nf8 51. Bxf8 Rxf8 52. Ke4 Kd7 53. Nb4 Ba3 54. Nd3 Ke8 55. h6 Rg8 56. Kd4 Bf8 57. f4 a3 58. Kc3 Rg3 59. Rh8 b4+ 60. Kc2 b3+ 61. axb3 a2 62. h7 Rg2+ 0-1

[Event "Mersin op 7th"]
[Site "Mersin"]
[Date "2023.11.16"]
[Round "7"]
[White "Akhvlediani, Irakli"]
[Black "Ulybin, Mikhail"]
[Result "0-1"]
[WhiteElo "2366"]
[BlackElo "2352"]
[PlyCount "126"]
[EventDate "2023.11.12"]
[EventType "swiss"]
[EventRounds "9"]
[EventCountry "TUR"]
[SourceTitle "CB47_2023"]
[SourceDate "2023.11.22"]
[SourceVersion "1"]
[SourceVersionDate "2023.11.22"]
[SourceQuality "1"]

1. d4 e6 2. c4 Bb4+ 3. Nd2 c5 4. a3 Bxd2+ 5. Qxd2 cxd4 6. Qxd4 Nf6 7. Bg5 h6 8. Bxf6 Qxf6 9. Qxf6 gxf6 10. c5 a5 11. Nf3 b6 12. cxb6 Ra6 13. Nd2 Ke7 14. e4 Rxb6 15. Nc4 Rb5 16. 0-0-0 Bb7 17. Nd6 Rc5+ 18. Kb1 Ba8 19. f3 Nc6 20. Rd2 Rb8 21. Be2 a4 22. Bd1 Rc3 23. Bxa4 Rxa3 24. Bc2 Ra6 25. Rhd1 Nb4 26. Bb3 Bc6 27. Rd4 Rab6 28. Nc4 Ra6 29. Nd6 Kf8 30. f4 Ke7 31. g4 Ra5 32. Nc4 Rc5 33. Nd6 Ra5 34. Nc4 Ra6 35. Nd6 Kf8 36. h4 Ke7 37. g5 hxg5 38. fxg5 fxg5 39. Rf1 f5 40. hxg5 Rba8 41. Rxb4 Ra1+ 42. Kc2 Rxf1 43. e5 Re1 44. Rh4 Rxe5 45. Nc4 Re2+ 46. Kd3 Rg2 47. Rh7+ Kd8 48. Ne5 Bb5+ 49. Kd4 Rc8 50. Nf7+ Kc7 51. Kc5 Bc6 52. Bxe6 Rc2+ 53. Bc4 Rb8 54. Nd6 f4 55. Rf7 f3 56. g6 Rg2 57. g7 Rg5+ 58. Kd4 Kxd6 59. Rf8 Kc7 60. g8R Rxg8 61. Rxg8 Rxg8 62. Bxg8 f2 63. Bc4 Bg2 0-1

[Event "Cheliabinsk Kurnosov Memorial Rapid"]
[Site "Cheliabinsk"]
[Date "2023.09.10"]
[Round "9"]
[White "Ulybin, Mikhail"]
[Black "Voskanyan, Argisht"]
[Result "1/2-1/2"]
[WhiteElo "2356"]
[BlackElo "2092"]
[PlyCount "62"]
[EventDate "2023.09.08"]
[EventType "swiss (rapid)"]
[EventRounds "11"]
[EventCountry "RUS"]
[SourceTitle "EXT 2024"]
[Source "ChessBase"]
[SourceDate "2023.10.10"]
[SourceVersion "1"]
[SourceVersionDate "2023.10.10"]
[SourceQuality "1"]

1. d4 f5 2. Nc3 Nf6 3. Bg5 d5 4. Bxf6 exf6 5. e3 Be6 6. Bd3 Qd7 7. Nge2 Nc6 8. Nf4 Bf7 9. a3 h5 10. h4 g6 11. Qd2 0-0-0 12. 0-0-0 Kb8 13. Kb1 Ne7 14. Na2 Nc8 15. f3 Bh6 16. g3 Rhe8 17. Rde1 Nd6 18. Qc3 Re7 19. Nb4 c6 20. Ka1 Rde8 21. Qd2 Qc7 22. Rh2 Ka8 23. Rhh1 Qa5 24. Rh2 Bf8 25. Kb1 Rd7 26. Qc3 Rde7 27. Qd2 Qb6 28. Ka1 Rd7 29. Qc3 Rde7 30. Qd2 Rd7 31. Qc3 Nb5 1/2-1/2

[Event "Cheliabinsk Kurnosov Memorial Rapid"]
[Site "Cheliabinsk"]
[Date "2023.09.09"]
[Round "8"]
[White "Bocharov, Dmitry"]
[Black "Ulybin, Mikhail"]
[Result "1-0"]
[WhiteElo "2521"]
[BlackElo "2356"]
[PlyCount "83"]
[EventDate "2023.09.08"]
[EventType "swiss (rapid)"]
[EventRounds "11"]
[EventCountry "RUS"]
[SourceTitle "EXT 2024"]
[Source "ChessBase"]
[SourceDate "2023.10.10"]
[SourceVersion "1"]
[SourceVersionDate "2023.10.10"]
[SourceQuality "1"]

1. d4 e6 2. c4 f5 3. Nf3 Nf6 4. g3 d5 5. Bg2 Bd6 6. 0-0 c6 7. Nbd2 0-0 8. Ne5 b6 9. Ndf3 Ne4 10. Qc2 Qe7 11. Bf4 Ba6 12. b3 Rc8 13. Nd3 Nd7 14. Bxd6 Qxd6 15. Rfd1 Rc7 16. Rac1 Rac8 17. Qb2 Qe7 18. e3 Kh8 19. Nf4 Kg8 20. h4 Qd6 21. Ng5 Nf8 22. Nxe4 fxe4 23. Bh3 Rd8 24. a4 Bc8 25. b4 Qe7 26. b5 c5 27. dxc5 bxc5 28. Qe5 dxc4 29. Rxd8 Qxd8 30. Qxe4 Qd6 31. Qxc4 Kh8 32. Bg2 e5 33. Nd5 Be6 34. a5 Nd7 35. Qe4 Rc8 36. Nc3 Rb8 37. Rd1 Qc7 38. Qc6 Qxc6 39. bxc6 Nf8 40. c7 Rc8 41. Rd8 Kg8 42. Bd5 1-0

[Event "Cheliabinsk Kurnosov Memorial Rapid"]
[Site "Cheliabinsk"]
[Date "2023.09.09"]
[Round "4"]
[White "Ulybin, Mikhail"]
[Black "Khismatullin, Denis Rimovich"]
[Result "0-1"]
[WhiteElo "2356"]
[BlackElo "2579"]
[PlyCount "94"]
[EventDate "2023.09.08"]
[EventType "swiss (rapid)"]
[EventRounds "11"]
[EventCountry "RUS"]
[SourceTitle "EXT 2024"]
[Source "ChessBase"]
[SourceDate "2023.10.10"]
[SourceVersion "1"]
[SourceVersionDate "2023.10.10"]
[SourceQuality "1"]

1. e4 c5 2. Nf3 d6 3. Bb5+ Nd7 4. 0-0 a6 5. Bxd7+ Bxd7 6. c3 Bg4 7. d4 e6 8. h3 Bh5 9. Be3 cxd4 10. cxd4 Nf6 11. Nbd2 d5 12. e5 Nd7 13. Rc1 Be7 14. Qb3 Qb6 15. Qxb6 Nxb6 16. Rc7 Rb8 17. Bg5 Bb4 18. a3 Na8 19. Rcc1 Bf8 20. Rc3 h6 21. Rfc1 Kd7 22. Bh4 b6 23. Ne1 g5 24. Bg3 Be7 25. Nd3 Rbc8 26. Kf1 Rxc3 27. Rxc3 Nc7 28. a4 Rb8 29. Ke1 Bg6 30. Ke2 a5 31. Nb3 Na6 32. Rc1 b5 33. Ndc5+ Nxc5 34. Nxc5+ Bxc5 35. Rxc5 bxa4 36. Rxa5 Rxb2+ 37. Ke3 Rb3+ 38. Ke2 a3 39. h4 Kc6 40. hxg5 hxg5 41. Bh2 Kb6 42. Ra8 Kb5 43. f4 Kc4 44. fxg5 Rb2+ 45. Ke3 a2 46. Bf4 Kb3 47. Kf3 Rb1 0-1

[Event "Satka Autumn"]
[Site "Satka"]
[Date "2023.08.31"]
[Round "3"]
[White "Ulybin, Mikhail"]
[Black "Remizov, Yaroslav"]
[Result "1/2-1/2"]
[WhiteElo "2356"]
[BlackElo "2440"]
[PlyCount "124"]
[EventDate "2023.08.29"]
[EventType "swiss"]
[EventRounds "9"]
[EventCountry "RUS"]
[SourceTitle "EXT 2024"]
[Source "ChessBase"]
[SourceDate "2023.10.10"]
[SourceVersion "1"]
[SourceVersionDate "2023.10.10"]
[SourceQuality "1"]

1. d4 d5 2. c4 e6 3. Nf3 Nf6 4. g3 Bb4+ 5. Bd2 Be7 6. Bg2 0-0 7. 0-0 c6 8. Qb3 Nbd7 9. Bf4 a5 10. Rc1 h6 11. Ne5 Nxe5 12. Bxe5 Nd7 13. Bf4 Bf6 14. Bd6 Re8 15. e3 Nb6 16. c5 Nc4 17. Rxc4 dxc4 18. Qxc4 e5 19. d5 e4 20. Nc3 b5 21. Qb3 a4 22. Qb4 a3 23. bxa3 cxd5 24. Rc1 Bxc3 25. Rxc3 Qf6 26. h3 Bd7 27. c6 Bf5 28. g4 Be6 29. c7 Bd7 30. Bf4 Ra4 31. Qd6 Qxc3 32. Qxd7 Raa8 33. Qxd5 Qxa3 34. Bxe4 Qxa2 35. Qxa2 Rxa2 36. Bc6 Rc8 37. Bxb5 Rc2 38. Kg2 R2xc7 39. Bxc7 Rxc7 40. Bd3 Kf8 41. Kf3 Ke7 42. h4 Kd6 43. Kf4 Rc1 44. Be4 Rf1 45. Kg3 Kc5 46. Kg2 Ra1 47. Kg3 g5 48. hxg5 hxg5 49. Kf3 Kc4 50. Ke2 Ra2+ 51. Ke1 Ra4 52. Ke2 Rb4 53. Ke1 Kc3 54. Bf5 Rb2 55. Be4 Rb5 56. Ke2 Ra5 57. Ke1 Ra2 58. Bf5 Kc4 59. Be4 Ra1+ 60. Ke2 Rg1 61. Bf5 Kd5 62. Kd2 Ke5 1/2-1/2

[Event "Issykkul op"]
[Site "Korumdu"]
[Date "2023.07.18"]
[Round "8"]
[White "Aradhya, Garg"]
[Black "Ulybin, Mikhail"]
[Result "1/2-1/2"]
[WhiteElo "2339"]
[BlackElo "2343"]
[PlyCount "97"]
[EventDate "2023.07.12"]
[EventType "swiss"]
[EventRounds "10"]
[EventCountry "KGZ"]
[SourceTitle "CBM 215 Extra"]
[Source "ChessBase"]
[SourceDate "2023.09.30"]
[SourceVersion "1"]
[SourceVersionDate "2023.09.30"]
[SourceQuality "1"]

1. d4 e6 2. c4 Bb4+ 3. Bd2 a5 4. e4 d5 5. e5 dxc4 6. Qg4 Ne7 7. Nf3 Nf5 8. Bxc4 Nc6 9. 0-0 Ncxd4 10. Bxb4 axb4 11. Rd1 c5 12. Nxd4 cxd4 13. Nd2 0-0 14. Nf3 Ra5 15. Qf4 Qc7 16. Bb3 Bd7 17. g4 Ne7 18. Qxd4 Bc6 19. Qd6 Qxd6 20. exd6 Nd5 21. Ne5 Rd8 22. Rd4 f6 23. Nc4 Rc5 24. f4 Kf8 25. Re1 Bd7 26. Ne3 Bc8 27. f5 Nxe3 28. Rxe3 e5 29. Rd2 Bd7 30. Re4 Rb5 31. Rc4 Bc6 32. Rc1 Rb6 33. Kf2 Be8 34. Rcd1 Bd7 35. Ke3 Rc6 36. Rd5 Rb6 37. h4 h5 38. g5 Bxf5 39. gxf6 gxf6 40. Rf1 Bg4 41. Rxf6+ Kg7 42. Rf7+ Kxf7 43. Rb5+ Be6 44. Rxb6 Bxb3 45. axb3 Ke6 46. d7+ Kxd7 47. Rxb7+ Ke6 48. Rxb4 Rd1 49. Rc4 1/2-1/2

[Event "RUS-chT2"]
[Site "Sochi"]
[Date "2023.05.10"]
[Round "9.1"]
[White "Timoshin, Maxim"]
[Black "Ulybin, Mikhail"]
[Result "1-0"]
[WhiteElo "2247"]
[BlackElo "2369"]
[PlyCount "109"]
[EventDate "2023.05.01"]
[EventType "team-swiss"]
[EventRounds "9"]
[EventCountry "RUS"]
[SourceTitle "CBM 214 Extra"]
[Source "ChessBase"]
[SourceDate "2023.07.31"]
[SourceVersion "1"]
[SourceVersionDate "2023.07.31"]
[SourceQuality "1"]
[WhiteTeam "Krasnoyarsk Region Enisey"]
[BlackTeam "Sverdlovsk Region Malakhit"]
[WhiteTeamCountry "RUS"]
[BlackTeamCountry "RUS"]

1. e4 e6 2. d4 d5 3. Nc3 Nf6 4. e5 Nfd7 5. f4 c5 6. Nf3 Nc6 7. Be3 Qb6 8. Na4 Qa5+ 9. c3 c4 10. b4 Qc7 11. Be2 Be7 12. 0-0 f5 13. Rb1 Nd8 14. Bf2 Nf8 15. Bh4 b6 16. Nb2 Nf7 17. Kh1 h6 18. Bxe7 Qxe7 19. Ng1 h5 20. Nh3 h4 21. Bf3 Rb8 22. Qa4+ b5 23. Qc2 g6 24. a4 a6 25. axb5 axb5 26. Qd2 Nd8 27. Ra1 Nc6 28. Nd1 Qd8 29. Ne3 Kf7 30. Ng5+ Kg7 31. Qe1 Nh7 32. Qxh4 Nxg5 33. Qxg5 Qxg5 34. fxg5 Bb7 35. g3 Nd8 36. Kg2 Nf7 37. h4 Ra8 38. Kf2 Ra4 39. Rxa4 bxa4 40. Ra1 Ra8 41. Nxc4 Rc8 42. Na5 Ba6 43. Ra3 Nd8 44. Be2 Bxe2 45. Kxe2 Nc6 46. Nxc6 Rxc6 47. Kd3 Ra6 48. b5 Ra8 49. c4 dxc4+ 50. Kxc4 Rc8+ 51. Kb4 Rd8 52. Rd3 Ra8 53. b6 Kf7 54. Kb5 a3 55. b7 1-0

[Event "Ekaterinburg Sysoev Memorial Rapid"]
[Site "Ekaterinburg"]
[Date "2021.11.28"]
[Round "7"]
[White "Ulybin, Mikhail"]
[Black "Shinkevich, Vitaly"]
[Result "1/2-1/2"]
[WhiteElo "2437"]
[BlackElo "2412"]
[PlyCount "93"]
[EventDate "2021.11.28"]
[EventType "swiss (rapid)"]
[EventRounds "8"]
[EventCountry "RUS"]
[SourceTitle "EXT 2023"]
[Source "ChessBase"]
[SourceDate "2022.10.05"]
[SourceVersion "1"]
[SourceVersionDate "2022.10.05"]
[SourceQuality "1"]

1. d4 d5 2. c4 c6 3. Nf3 Nf6 4. Nc3 e6 5. g3 dxc4 6. Bg2 b5 7. Ne5 a6 8. 0-0 Bb7 9. b3 cxb3 10. axb3 Nbd7 11. Bg5 Nxe5 12. dxe5 Qxd1 13. Rfxd1 Nd5 14. Ne4 c5 15. Rac1 Rc8 16. Nc3 h6 17. Nxd5 Bxd5 18. Bxd5 exd5 19. Be3 Kd7 20. Rxd5+ Ke6 21. Rd2 Be7 22. f4 Rc6 23. Kf2 Rhc8 24. Rdc2 c4 25. bxc4 Rxc4 26. Rxc4 Rxc4 27. Ra1 Rc6 28. Bd4 Kd5 29. Ke3 Ke6 30. g4 f5 31. h3 g6 32. Kd3 b4 33. e3 fxg4 34. hxg4 h5 35. gxh5 gxh5 36. e4 h4 37. f5+ Kf7 38. e6+ Kf8 39. f6 Rxe6 40. fxe7+ Kxe7 41. Bc5+ Kd7 42. Bxb4 h3 43. Kd4 Kc6 44. Rh1 Rh6 45. e5 Rh4+ 46. Kc3 Kd5 47. Bd6 1/2-1/2

[Event "Bryansk Zilberstein Memorial 5th"]
[Site "Bryansk"]
[Date "2021.07.31"]
[Round "9"]
[White "Afanasiev, Nikita"]
[Black "Ulybin, Mikhail"]
[Result "0-1"]
[WhiteElo "2540"]
[BlackElo "2443"]
[PlyCount "108"]
[EventDate "2021.07.29"]
[EventType "swiss (rapid)"]
[EventRounds "11"]
[EventCountry "RUS"]
[SourceTitle "CBM 203 Extra"]
[Source "ChessBase"]
[SourceDate "2021.09.30"]
[SourceVersion "1"]
[SourceVersionDate "2021.09.30"]
[SourceQuality "1"]

1. d4 e6 2. g3 c5 3. Nf3 Nf6 4. c4 cxd4 5. Nxd4 d5 6. Bg2 e5 7. Nf3 d4 8. 0-0 Nc6 9. e3 Bc5 10. exd4 exd4 11. Re1+ Be6 12. Bg5 0-0 13. Nbd2 h6 14. Bxf6 Qxf6 15. Ne4 Qe7 16. a3 a5 17. Rc1 Rfd8 18. Qd3 Rac8 19. Ned2 Qf6 20. Ne4 Qe7 21. Re2 Bf5 22. Rce1 b6 23. h3 Ne5 24. Nxe5 Qxe5 25. Kh2 Kh8 26. h4 Bf8 27. a4 Bb4 28. Rd1 Qc7 29. b3 Qd7 30. Ra2 Bh7 31. Bh3 Qc6 32. Bg2 Rc7 33. Qf3 Re7 34. Ng5 Qxf3 35. Nxf3 d3 36. Bh3 Rd6 37. Bg4 Re2 38. Rdd2 Bxd2 39. Rxd2 Be4 40. Ne5 Rxd2 41. Nxf7+ Kg8 42. Nxd6 Rxf2+ 43. Kg1 Rg2+ 44. Kf1 Bc6 45. Nf5 Kf8 46. Nd4 Bb7 47. Ke1 Rxg3 48. Bd7 Rg2 49. Bb5 Be4 50. Kd1 Ke7 51. b4 axb4 52. Bc6 Bxc6 53. Nxc6+ Kd6 54. Nxb4 Rg4 0-1

[Event "Bryansk Zilberstein Memorial 5th"]
[Site "Bryansk"]
[Date "2021.07.31"]
[Round "11"]
[White "Aleksandrov, Aleksej"]
[Black "Ulybin, Mikhail"]
[Result "1-0"]
[WhiteElo "2535"]
[BlackElo "2443"]
[PlyCount "123"]
[EventDate "2021.07.29"]
[EventType "swiss (rapid)"]
[EventRounds "11"]
[EventCountry "RUS"]
[SourceTitle "CBM 203 Extra"]
[Source "ChessBase"]
[SourceDate "2021.09.30"]
[SourceVersion "1"]
[SourceVersionDate "2021.09.30"]
[SourceQuality "1"]

1. f4 d5 2. Nf3 Bg4 3. e3 Nd7 4. d4 Ngf6 5. h3 Bxf3 6. Qxf3 g6 7. c4 e6 8. Nc3 Bb4 9. Bd3 c5 10. 0-0 cxd4 11. exd4 dxc4 12. Bxc4 Rc8 13. Bb3 Qb6 14. Be3 0-0 15. Rac1 Bxc3 16. bxc3 Qc6 17. Qxc6 Rxc6 18. c4 Rfc8 19. g4 Nb6 20. f5 gxf5 21. gxf5 Ne4 22. fxe6 fxe6 23. Rf4 Nd6 24. c5 Nd5 25. Rg4+ Kh8 26. Bxd5 exd5 27. Rf1 Ne4 28. Rf7 Rg6 29. Rxg6 hxg6 30. Rxb7 a5 31. Bf4 Kg8 32. Be5 Kf8 33. Kg2 Ke8 34. Ra7 Rc6 35. Rxa5 Kd7 36. a4 Kc8 37. Ra7 Nd2 38. Kg3 Nc4 39. Kf4 Re6 40. Rc7+ Kd8 41. Rb7 Kc8 42. Rg7 Nxe5 43. dxe5 d4 44. Ke4 d3 45. Kxd3 Rxe5 46. Kc4 Rh5 47. Rxg6 Rxh3 48. Rg7 Kb8 49. a5 Rh1 50. Kb5 Rb1+ 51. Kc6 Ra1 52. Rh7 Rc1 53. Rb7+ Ka8 54. Rd7 Kb8 55. Re7 Rc2 56. Re5 Rc1 57. Kd6 Rd1+ 58. Rd5 Rh1 59. c6 Kc8 60. a6 Ra1 61. a7 Rxa7 62. Rh5 1-0